000 00358nam a2200145Ia 4500
008 260319s9999 xx 000 0 und d
020 _a9.7893904705e+012
082 _a624.171
_bBHA/S
100 _aBhavikatti,S S
245 0 _aStructural Analysis-II
250 _a5th Ed.
260 _aNew Delhi
_bVikas Publishing
_c2021
300 _a429p.
942 _cBK
999 _c51709
_d51709